• 首页
  • 本馆介绍
  • 公告通知
  • 最新文献
  • 馆藏检索
  • 电子资源
  • 读者导购
  • 参考咨询
  • 我的图书馆
  • 登录
  • 详细信息显示
  • 放入我的书架
  • 预约/预借图书
  • 作者相关作品
  • 分类相关作品
  • 丛书相关作品
  • 出版社相关作品

书目信息

  • 表格格式
  • 工作单格式
  • 卡片格式
题名:
    
 
作者:
分册:  
出版信息:    
页数: 咸蜒赖酃谘侵?
开本:
丛书名:
单 册:
中图分类:
科图分类:
主题词: 00-1700政治和
电子资源:
ISBN: 7-972963-50-9
000 00618nam0 2200193 45
001 0405101431
005 20040510145220.4
010    @a7-972963-50-9
100    @dCNY
101    @a2004
105    @0510d1993 km y0
200    @chiy0120 ea
210    @0yy
215    @a咸蜒赖酃谘侵?
606    @500-1700政治和
690 经济 @APu Tao
701    @Ya Di Guo Zai Ya Zhou 150
801    @0-1700 Zheng Zhi He Jing
905 Ji @f桑贾伊·苏拉马尼亚
    
    hiy0120 ea
    咸蜒赖酃谘侵?
    
    
    ISBN 7-972963-50-9:
    
●
相关链接 在E读中查询图书 在五车中查询图书 在当当中查询图书 在豆瓣中查询图书


正题名:葡萄牙帝国在亚洲1500-1700政治和经济史     索取号:K552.06/2         预约/预借

序号 登录号 条形码 馆藏地/架位号 状态 备注
1 0275094   001415490   第二样本阅览室/ [索取号:K552.06/2] 在馆    
2 0275095   001415481   第二借阅区/ [索取号:K552.06/2] 在馆    
唐山师范学院图书馆 欢迎您!
大连网信软件有限公司© 版权所有